Harry Potter Characters By Movie-Deathly Hallows(Part 1 And 2) - Statistics

General Stats
  • This quiz has been taken 5 times
  • The average score is 30 of 55
Answer Stats
Screen Time Answer % Correct
2:48 Arthur Weasley
100%
2:00 Fred Weasley
100%
3:18 George Weasley
100%
5:48 Ginny Weasley
100%
1:56:18 Harry Potter
100%
1:12:00 Hermione Granger
100%
3:30 Remus Lupin
100%
1:00:48 Ron Weasley
100%
5:48 Albus Dumbledore
80%
4:48 Bellatrix Lestrange
80%
3:48 Dobby
80%
1:48 Dolores Umbridge
80%
1:48 Lily Potter
80%
4:00 Lucius Malfoy
80%
4:48 Luna Lovegood
80%
3:18 Molly Weasley
80%
4:00 Narcissa Malfoy
80%
5:48 Neville Longbottom
80%
5:18 Rubeus Hagrid
80%
1:18 Seamus Finnigan
80%
15:30 Tom Marvalo Riddle/ Lord Voldemort
80%
5:00 Xenophilius Lovegood
80%
4:48 Draco Malfoy
60%
6:30 Griphook
60%
2:18 Kreacher
60%
3:30 Minerva Mcgonagall
60%
10:06 Severus Snape
60%
3:18 Aberforth Dumbledore
40%
1:30 Alastor Moody
40%
1:30 Bathilda Bagshot
40%
1:18 Bill Weasley
40%
1:00 Dean Thomas
40%
1:30 Filius Flitwick
40%
1:30 Fleur Delacour
40%
4:18 Mr. Ollivander
40%
3:00 Mundungus Fletcher
40%
2:48 Nagini
40%
1:00 Nymphadora Tonks
40%
1:00 Peter Pettigrew
40%
2:30 Rufus Scrimgeour
40%
1:00 Alecto Carrow
20%
1:00 Amycus Carrow
20%
1:18 Cho Chang
20%
1:00 Elphias Doge
20%
1:18 Gregory Goyle
20%
2:00 Kingsley Shacklebolt
20%
1:00 Lavender Brown
20%
1:48 Mary Cattermole
20%
1:00 Padma Patil
20%
2:48 Scabior
20%
2:00 Yaxley
20%
1:48 Albus Severus Potter
0%
1:30 Blaise Zabini
0%
3:00 Bogrod
0%
2:18 Helena Ravenclaw
0%
No matching quizzes found
Score Distribution
Percent of People with Each Score
Percentile by Number Answered
Your Score History
You have not taken this quiz